[Event "Senior DM 2017 - 50+"]
[Site "Logumkloster"]
[Date "2017.02.15"]
[Round "4"]
[White "Light, Bjarne"]
[Black "Kjaergaard Jensen, Jesper"]
[Result "1/2-1/2"]
[WhiteElo "2166"]
[BlackElo "2156"]
[PlyCount "120"]
[EventDate "2017.02.??"]
[EventType "swiss"]
[EventRounds "7"]
[EventCountry "DEN"]
[WhiteClock "0:37:33"]
[BlackClock "0:35:13"]

1. c4 Nf6 2. g3 e5 3. Bg2 c6 4. d4 exd4 5. Qxd4 Na6 6. Nc3 Bc5 7. Qd1 Nc7 8.
Nf3 d5 9. cxd5 Ncxd5 10. O-O Be6 11. Na4 Be7 12. Nd4 Qd7 13. Nxe6 Qxe6 14. a3
O-O 15. Qc2 Nd7 16. e4 N5b6 17. Nc3 Nc5 18. Be3 Qb3 19. Rac1 Qxc2 20. Rxc2 Nb3
21. Ne2 Rfd8 22. Rc3 Nd2 23. Re1 Ndc4 24. Bc1 Ne5 25. Be3 Nec4 26. Bc1 Bf6 27.
Rc2 Ne5 28. Nf4 g6 29. b3 Nd3 30. Nxd3 Rxd3 31. e5 Be7 32. b4 Rad8 33. Be4 Rd1
34. Kf1 Rxe1+ 35. Kxe1 Rd4 36. Bg2 Nc4 37. Ke2 a5 38. bxa5 Nxa3 39. Rd2 Nb5 40.
Rxd4 Nxd4+ 41. Kd1 Nb3 42. a6 bxa6 43. Bxc6 Nxc1 44. Kxc1 Bc5 45. f3 Bd4 46.
Kd2 Bxe5 47. Ke3 f5 48. f4 Bc7 49. Kf3 Kf7 50. h3 Ke6 51. Ba4 a5 52. Bb3+ Kd6
53. g4 fxg4+ 54. Kxg4 Bd8 55. h4 h6 56. Bc2 Bxh4 57. Bxg6 Be1 58. Kh5 Bd2 59.
Kxh6 Bxf4+ 60. Kh5 Ke5 1/2-1/2

[Event "Senior DM 2017 - 50+"]
[Site "Logumkloster"]
[Date "2017.02.16"]
[Round "5"]
[White "Rosenberg, Jan"]
[Black "Johansen, Johnny Holler"]
[Result "1/2-1/2"]
[WhiteElo "1867"]
[BlackElo "1875"]
[PlyCount "47"]
[EventDate "2017.02.??"]
[EventType "swiss"]
[EventRounds "7"]
[EventCountry "DEN"]
[WhiteClock "0:16:41"]
[BlackClock "0:13:16"]

1. d4 Nf6 2. Nf3 g6 3. Bf4 d6 4. Nbd2 Bg7 5. c3 O-O 6. e4 Nbd7 7. h3 Nh5 8. Be3
e5 9. g4 Nf4 10. dxe5 dxe5 11. Qc2 c6 12. O-O-O Qa5 13. Kb1 b5 14. Nb3 Qc7 15.
c4 b4 16. Nc5 a5 17. Nxd7 Bxd7 18. Bc5 Rfe8 19. Bd6 Qb7 20. c5 Be6 21. Qd2 f6
22. Nd4 exd4 23. Qxf4 Qf7 24. Rxd4 1/2-1/2

[Event "Senior DM 2017 - 50+"]
[Site "Logumkloster"]
[Date "2017.02.16"]
[Round "5"]
[White "Pedersen, Hans Milter"]
[Black "Kallenbach, Uffe"]
[Result "0-1"]
[WhiteElo "1528"]
[BlackElo "1670"]
[PlyCount "56"]
[EventDate "2017.02.??"]
[EventType "swiss"]
[EventRounds "7"]
[EventCountry "DEN"]

1. d4 Nf6 2. Nf3 d5 3. g3 e6 4. Bf4 Bd6 5. Bxd6 Qxd6 6. c3 Nbd7 7. Bg2 O-O 8.
Nbd2 Re8 9. O-O c5 10. Re1 b6 11. e4 dxe4 12. Nxe4 Nxe4 13. Rxe4 Bb7 14. Re3
Rad8 15. dxc5 Nxc5 16. Qxd6 Rxd6 17. Nd4 Bxg2 18. Kxg2 Red8 19. Rae1 a6 20. b3
Kf8 21. c4 Rxd4 22. h4 Rd2 23. R1e2 Rxe2 24. Rxe2 Rd3 25. g4 Ke7 26. f3 f6 27.
Kg3 e5 28. g5 Ke6 0-1

[Event "Senior DM 2017 - 50+"]
[Site "Logumkloster"]
[Date "2017.02.16"]
[Round "5"]
[White "Matras, Ove"]
[Black "Stentebjerg Hansen, Per"]
[Result "0-1"]
[WhiteElo "1828"]
[BlackElo "2239"]
[PlyCount "146"]
[EventDate "2017.02.??"]
[EventType "swiss"]
[EventRounds "7"]
[EventCountry "DEN"]
[WhiteClock "0:03:42"]
[BlackClock "0:12:59"]

1. b3 e5 2. Bb2 Nc6 3. e3 Nf6 4. Nf3 e4 5. Nd4 Nxd4 6. Bxd4 b6 7. d3 Bb7 8. Nd2
d5 9. Be2 Be7 10. O-O O-O 11. Re1 Re8 12. c4 exd3 13. Bxd3 dxc4 14. Bxc4 Qd7
15. Be2 Rad8 16. Qc2 c5 17. Bc3 Nd5 18. Rad1 Nxc3 19. Qxc3 Bf6 20. Qc2 Qc7 21.
Nf3 g6 22. h3 Bc6 23. Nh2 Bg7 24. Bf3 Bd7 25. Bg4 Bb5 26. Be2 Bc6 27. Bf3 Be5
28. Nf1 Bxf3 29. gxf3 Qc6 30. Kg2 a5 31. Rxd8 Rxd8 32. Qe4 Qd6 33. f4 Bf6 34.
Qf3 Qd7 35. e4 a4 36. e5 Be7 37. bxa4 Qxa4 38. f5 Qa8 39. f6 Bf8 40. Qxa8 Rxa8
41. Re2 Bh6 42. Kf3 Ra3+ 43. Ne3 Kf8 44. Rb2 Ke8 45. Ke4 Bxe3 46. fxe3 Ra6 47.
Kd5 Kd7 48. h4 h6 49. a4 c4 50. Kd4 c3 51. Kxc3 Ke6 52. Kb4 Kxe5 53. Kb5 Ra5+
54. Kb4 Rc5 55. Rd2 Rc6 56. Kb5 Rxf6 57. Rd7 g5 58. hxg5 hxg5 59. Rb7 g4 60.
Re7+ Kf5 61. e4+ Kg6 62. e5 Re6 63. Rd7 g3 64. Rd3 Rxe5+ 65. Kxb6 Rg5 66. Rd1
Kh5 67. a5 f5 68. a6 Rg6+ 69. Kb7 Rg7+ 70. Kc6 f4 71. Kd6 g2 72. Rg1 f3 73. Ke5
f2 0-1

[Event "Senior DM 2017 - 50+"]
[Site "Logumkloster"]
[Date "2017.02.16"]
[Round "5"]
[White "Kjaergaard Jensen, Jesper"]
[Black "Rewitz, Poul"]
[Result "0-1"]
[WhiteElo "2156"]
[BlackElo "2289"]
[PlyCount "65"]
[EventDate "2017.02.??"]
[EventType "swiss"]
[EventRounds "7"]
[EventCountry "DEN"]
[WhiteClock "0:20:27"]
[BlackClock "0:01:46"]

1. d4 g6 2. Nf3 Bg7 3. c3 c6 4. Nbd2 d5 5. e4 Na6 6. Bd3 Nc7 7. Qe2 Nh6 8. Ne5
f6 9. Nef3 O-O 10. e5 Nf7 11. h3 Ne6 12. g3 Qc7 13. exf6 exf6 14. Nb3 Bd7 15.
Be3 a5 16. Nc5 Nxc5 17. dxc5 Ne5 18. Nd4 Qc8 19. g4 a4 20. f4 Nxd3+ 21. Qxd3 f5
22. g5 Re8 23. O-O Qc7 24. Rae1 Re4 25. Qd2 Qa5 26. Qf2 Rae8 27. Nc2 Qb5 28.
Bd4 Re2 29. Na3 Qxb2 30. Rxe2 Rxe2 31. Qf3 Bxd4+ 32. cxd4 Qxd4+ 33. Kh1 0-1

[Event "Senior DM 2017 - 50+"]
[Site "Logumkloster"]
[Date "2017.02.16"]
[Round "5"]
[White "Overmark, Ole"]
[Black "Light, Bjarne"]
[Result "0-1"]
[WhiteElo "1707"]
[BlackElo "2166"]
[PlyCount "50"]
[EventDate "2017.02.??"]
[EventType "swiss"]
[EventRounds "7"]
[EventCountry "DEN"]
[WhiteClock "0:40:20"]
[BlackClock "0:47:12"]

1. Nf3 c5 2. c4 Nc6 3. g3 g6 4. Nc3 Bg7 5. Bg2 e6 6. O-O Nge7 7. d3 O-O 8. Bg5
h6 9. Bf4 d5 10. Qc1 Kh7 11. a3 b6 12. Rb1 a5 13. Nb5 e5 14. cxd5 Nxd5 15. Bd2
Be6 16. Nc3 Rc8 17. Qd1 Qd7 18. Qa4 Rfd8 19. Qh4 f6 20. Ne4 Nce7 21. Nc3 Nf5
22. Qa4 Nxc3 23. Qxd7 Nxe2+ 24. Kh1 Rxd7 25. Rfe1 Ned4 0-1

[Event "Senior DM 2017 - 50+"]
[Site "Logumkloster"]
[Date "2017.02.17"]
[Round "6"]
[White "Kallenbach, Uffe"]
[Black "Rosenberg, Jan"]
[Result "0-1"]
[WhiteElo "1670"]
[BlackElo "1867"]
[PlyCount "48"]
[EventDate "2017.02.??"]
[EventType "swiss"]
[EventRounds "7"]
[EventCountry "DEN"]
[WhiteClock "0:24:18"]
[BlackClock "0:51:52"]

1. e4 c5 2. c3 g6 3. Nf3 Bg7 4. d4 cxd4 5. cxd4 d5 6. Bb5+ Bd7 7. Nc3 Bxb5 8.
Nxb5 Qa5+ 9. Nc3 dxe4 10. Ng5 Nf6 11. O-O O-O 12. Ngxe4 Nxe4 13. Nxe4 Qd5 14.
Nc3 Qxd4 15. Qf3 Nc6 16. Be3 Qb4 17. Nd5 Qa5 18. Rfb1 Rfd8 19. Rd1 Bxb2 20.
Rab1 Qxa2 21. Bc5 Rd7 22. Rxb2 Qxb2 23. Nf6+ exf6 24. Rxd7 Qc1+ 0-1

[Event "Senior DM 2017 - 50+"]
[Site "Logumkloster"]
[Date "2017.02.17"]
[Round "6"]
[White "Johansen, Johnny Holler"]
[Black "Matras, Ove"]
[Result "1-0"]
[WhiteElo "1875"]
[BlackElo "1828"]
[PlyCount "99"]
[EventDate "2017.02.??"]
[EventType "swiss"]
[EventRounds "7"]
[EventCountry "DEN"]

1. e4 d5 2. exd5 Nf6 3. Bb5+ Bd7 4. Bc4 b5 5. Bb3 a5 6. a3 Na6 7. d4 a4 8. Ba2
b4 9. Bc4 c6 10. d6 exd6 11. Qe2+ Qe7 12. Qxe7+ Bxe7 13. Bxa6 Rxa6 14. axb4 c5
15. bxc5 dxc5 16. dxc5 Re6+ 17. Ne2 Bb5 18. Nbc3 Bxe2 19. Nxe2 Bxc5 20. Be3
Bxe3 21. fxe3 Rxe3 22. Kd2 Re5 23. Rxa4 O-O 24. Nc3 Rd8+ 25. Kc1 h5 26. Rd1
Rde8 27. Rad4 Kh7 28. b4 Rc8 29. Kb2 Ng4 30. Rd5 Re3 31. R1d3 Rxd3 32. cxd3 g6
33. b5 Ne3 34. Rd7 Kg7 35. b6 Rb8 36. b7 Kf6 37. Ne4+ Ke5 38. Nc5 f5 39. Na6
Rxb7+ 40. Rxb7 Nxg2 41. Kc3 f4 42. Rb5+ Kf6 43. Kd4 g5 44. Ke4 g4 45. Rxh5 Kg6
46. Rb5 f3 47. d4 Ne1 48. Ke3 Nc2+ 49. Kf2 Nxd4 50. Rb4 1-0

[Event "Senior DM 2017 - 50+"]
[Site "Logumkloster"]
[Date "2017.02.17"]
[Round "6"]
[White "Rewitz, Poul"]
[Black "Light, Bjarne"]
[Result "1/2-1/2"]
[WhiteElo "2289"]
[BlackElo "2166"]
[PlyCount "123"]
[EventDate "2017.02.??"]
[EventType "swiss"]
[EventRounds "7"]
[EventCountry "DEN"]
[WhiteClock "0:02:15"]
[BlackClock "0:24:10"]

1. d4 Nf6 2. Nf3 e6 3. Bg5 d5 4. e3 c5 5. a3 Nc6 6. Nbd2 Be7 7. dxc5 Bxc5 8. b4
Be7 9. c4 O-O 10. Bd3 a6 11. Qc2 h6 12. Bh4 dxc4 13. Bxc4 Nd5 14. Bxe7 Ncxe7
15. O-O b6 16. Rfd1 Bb7 17. Rac1 Qb8 18. Qb2 Rc8 19. Ne5 Rc7 20. Be2 Rxc1 21.
Rxc1 Nf6 22. Ndc4 Bd5 23. Qd4 b5 24. Nb6 Ra7 25. Nxd5 Nfxd5 26. e4 Nf4 27. Bf1
Rc7 28. Rd1 Nc6 29. Nxc6 Rxc6 30. g3 Ng6 31. Qd8+ Qxd8 32. Rxd8+ Kh7 33. f4 Rc3
34. Rd3 Rxd3 35. Bxd3 e5 36. a4 bxa4 37. Bxa6 exf4 38. Bc4 Ne5 39. Bd5 fxg3 40.
hxg3 Kg6 41. b5 Nd7 42. Kf2 Kf6 43. Ke3 Ke5 44. Bxf7 a3 45. g4 g6 46. Kd2 h5
47. gxh5 gxh5 48. Kc2 h4 49. Bh5 Kf4 50. e5 Kxe5 51. Kb3 Kd4 52. Bg4 Nb6 53.
Kxa3 Kc5 54. Kb3 Kxb5 55. Kc3 Kc5 56. Kd3 Kd5 57. Ke3 Ke5 58. Kf3 Nd5 59. Bc8
Nf6 60. Bg4 Nxg4 61. Kxg4 h3 62. Kxh3 1/2-1/2

[Event "Senior DM 2017 - 50+"]
[Site "Logumkloster"]
[Date "2017.02.17"]
[Round "6"]
[White "Stentebjerg Hansen, Per"]
[Black "Larsen, Peter"]
[Result "1-0"]
[WhiteElo "2239"]
[BlackElo "2282"]
[PlyCount "112"]
[EventDate "2017.02.??"]
[EventType "swiss"]
[EventRounds "7"]
[EventCountry "DEN"]
[WhiteClock "0:03:18"]
[BlackClock "0:21:06"]

1. d4 Nf6 2. c4 c5 3. e3 g6 4. Nc3 Bg7 5. Nf3 O-O 6. Be2 cxd4 7. Nxd4 d5 8. O-O
Nc6 9. Bf3 Nxd4 10. Qxd4 Ne4 11. Qxd5 Nxc3 12. bxc3 Qxd5 13. cxd5 Bxc3 14. Rb1
Rb8 15. Ba3 Re8 16. d6 e5 17. Bc6 Rd8 18. Bd5 a5 19. Rb6 Bb4 20. Bxb4 axb4 21.
f4 exf4 22. Rxf4 Be6 23. Bxe6 fxe6 24. Rfxb4 Rbc8 25. Re4 Rc1+ 26. Kf2 Rc2+ 27.
Kg3 Rd7 28. Rxe6 Kf7 29. Re7+ Rxe7 30. dxe7 Rc7 31. Re6 Ke8 32. Re4 b5 33. Re5
Rb7 34. Kf4 Ra7 35. Kf3 b4 36. Re4 Rb7 37. h3 Rb6 38. Kg3 Rb7 39. Kf3 Rb6 40.
g3 Rb7 41. Kf4 Rb5 42. Kg4 h6 43. Kf3 Rf5+ 44. Rf4 Rb5 45. Rf6 Ra5 46. Rxg6
Rxa2 47. Rxh6 Kxe7 48. Rb6 Ra4 49. Rc6 Ra8 50. Rb6 Ra4 51. Ke4 Kd7 52. Kd5 Kc7
53. Rb5 Ra3 54. Rxb4 Rxe3 55. Rg4 Kd7 56. h4 Ke7 1-0

[Event "Senior DM 2017 - 50+"]
[Site "Logumkloster"]
[Date "2017.02.17"]
[Round "6"]
[White "Rodgaard, John"]
[Black "Overmark, Ole"]
[Result "1-0"]
[WhiteElo "2320"]
[BlackElo "1707"]
[PlyCount "53"]
[EventDate "2017.02.??"]
[EventType "swiss"]
[EventRounds "7"]
[EventCountry "DEN"]
[WhiteClock "0:20:00"]
[BlackClock "0:11:29"]

1. c4 Nf6 2. Nf3 g6 3. Nc3 Bg7 4. e4 c5 5. d4 cxd4 6. Nxd4 Nc6 7. Be3 O-O 8.
Be2 d6 9. O-O a6 10. f3 Bd7 11. Qd2 Rc8 12. Rac1 Re8 13. Rfd1 Ne5 14. b3 Nc6
15. Nc2 Rb8 16. Nd5 b5 17. Nxf6+ Bxf6 18. c5 Qc8 19. cxd6 e6 20. Nb4 Qb7 21.
Nxc6 Bxc6 22. d7 Red8 23. Qd6 Bxd7 24. Rc7 Be7 25. Rxb7 Bxd6 26. Rxb8 Bxb8 27.
Bb6 1-0

[Event "Senior DM 2017 - 50+"]
[Site "Logumkloster"]
[Date "2017.02.18"]
[Round "7"]
[White "Overmark, Ole"]
[Black "Kallenbach, Uffe"]
[Result "0-1"]
[WhiteElo "1707"]
[BlackElo "1670"]
[PlyCount "72"]
[EventDate "2017.02.??"]
[EventType "swiss"]
[EventRounds "7"]
[EventCountry "DEN"]

1. e4 c5 2. Nf3 Nf6 3. e5 Nd5 4. Bc4 Nb6 5. Be2 Nc6 6. O-O Qc7 7. e6 dxe6 8.
Nc3 a6 9. d3 Nd4 10. Be3 e5 11. Ne4 e6 12. c3 Nxe2+ 13. Qxe2 Be7 14. Rac1 Nd5
15. Bd2 O-O 16. d4 f5 17. Nxc5 e4 18. Ng5 Bxc5 19. dxc5 Qxc5 20. c4 Nf6 21. b4
Qe7 22. Nh3 e5 23. f4 Ng4 24. fxe5 Nxe5 25. Nf4 Bd7 26. Nd5 Qf7 27. Nb6 Rad8
28. Bf4 Nd3 29. Rcd1 Qe6 30. Bc7 Rde8 31. c5 Bb5 32. a4 Nf4 33. Qd2 Bxf1 34.
Qxf4 Bd3 35. Bd6 Rf7 36. Nd5 Qxd5 0-1

[Event "Senior DM 2017 - 50+"]
[Site "Logumkloster"]
[Date "2017.02.18"]
[Round "7"]
[White "Johansen, Johnny Holler"]
[Black "Pedersen, Hans Milter"]
[Result "1-0"]
[WhiteElo "1875"]
[BlackElo "1528"]
[PlyCount "55"]
[EventDate "2017.02.??"]
[EventType "swiss"]
[EventRounds "7"]
[EventCountry "DEN"]
[WhiteClock "1:04:15"]
[BlackClock "1:04:59"]

1. e4 d6 2. d4 Nf6 3. Nc3 g6 4. Nf3 c6 5. Be2 Bg7 6. h3 O-O 7. Be3 Nbd7 8. Qd2
e5 9. O-O Re8 10. dxe5 Nxe5 11. Rad1 d5 12. exd5 Nxd5 13. Nxd5 cxd5 14. c3 Be6
15. Nd4 Nc4 16. Bxc4 dxc4 17. Nxe6 Qxd2 18. Rxd2 Rxe6 19. Rd7 b6 20. Rfd1 Ree8
21. Rc7 Red8 22. Rxd8+ Rxd8 23. Rxc4 Rd1+ 24. Kh2 Be5+ 25. g3 h5 26. h4 Rb1 27.
Rb4 Bxc3 28. bxc3 1-0

[Event "Senior DM 2017 - 50+"]
[Site "Logumkloster"]
[Date "2017.02.18"]
[Round "7"]
[White "Kjaergaard Jensen, Jesper"]
[Black "Rodgaard, John"]
[Result "0-1"]
[WhiteElo "2156"]
[BlackElo "2320"]
[PlyCount "80"]
[EventDate "2017.02.??"]
[EventType "swiss"]
[EventRounds "7"]
[EventCountry "DEN"]
[WhiteClock "0:03:08"]
[BlackClock "0:00:43"]

1. d4 d5 2. Nf3 Nf6 3. Bf4 e6 4. e3 c5 5. c3 Nc6 6. Nbd2 Bd6 7. Bxd6 Qxd6 8.
Be2 O-O 9. O-O e5 10. dxe5 Nxe5 11. Nxe5 Qxe5 12. Bf3 Be6 13. Nb3 b6 14. Nc1
Rad8 15. Ne2 Rd7 16. Qa4 Rfd8 17. Qf4 Qxf4 18. Nxf4 Bf5 19. Rfe1 g5 20. Nh5
Nxh5 21. Bxh5 Be6 22. h3 d4 23. exd4 cxd4 24. cxd4 Rxd4 25. b3 Rd2 26. Red1
R8d7 27. Rxd2 Rxd2 28. Bf3 Kg7 29. Be4 h6 30. Bc6 Kf6 31. Ba4 Rb2 32. Bb5 Ke5
33. Ba6 Kd4 34. Kf1 Kc3 35. Be2 Bf5 36. Bc4 f6 37. a4 Rb1+ 38. Rxb1 Bxb1 39. a5
bxa5 40. Be6 Bc2 0-1

[Event "Senior DM 2017 - 50+"]
[Site "Logumkloster"]
[Date "2017.02.18"]
[Round "7"]
[White "Light, Bjarne"]
[Black "Stentebjerg Hansen, Per"]
[Result "0-1"]
[WhiteElo "2166"]
[BlackElo "2239"]
[PlyCount "84"]
[EventDate "2017.02.??"]
[EventType "swiss"]
[EventRounds "7"]
[EventCountry "DEN"]
[WhiteClock "0:16:01"]
[BlackClock "0:11:25"]

1. Nf3 Nf6 2. g3 d5 3. Bg2 c6 4. O-O Bf5 5. d3 h6 6. Nfd2 e5 7. e4 dxe4 8. dxe4
Be6 9. h3 Qc7 10. Qe2 Nbd7 11. a4 a5 12. f4 Bc5+ 13. Kh1 g6 14. Qf3 exf4 15.
gxf4 Nh5 16. Nc3 O-O-O 17. b3 Ne5 18. fxe5 Qxe5 19. Ne2 Qxa1 20. Nc4 Bxc4 21.
bxc4 Qe5 22. Nf4 Bd6 23. Kg1 Bc5+ 24. Kh1 Bd6 25. Qg4+ Kb8 26. Be3 Nf6 27. Qf3
g5 28. c3 gxf4 29. Bd4 Qg5 30. e5 Bxe5 31. Rb1 Rc8 32. Rb5 Nd7 33. Rxa5 Rhg8
34. Ba7+ Kc7 35. Bf1 Qg3 36. Qe4 f3 37. Rxe5 Qxe5 38. Qxf3 Qf6 39. Qd1 Qd6 40.
Qb1 c5 41. a5 Qg3 42. Bb6+ Kb8 0-1

[Event "Senior DM 2017 - 50+"]
[Site "Logumkloster"]
[Date "2017.02.18"]
[Round "7"]
[White "Rosenberg, Jan"]
[Black "Rewitz, Poul"]
[Result "0-1"]
[WhiteElo "1867"]
[BlackElo "2289"]
[PlyCount "72"]
[EventDate "2017.02.??"]
[EventType "swiss"]
[EventRounds "7"]
[EventCountry "DEN"]
[WhiteClock "0:03:51"]
[BlackClock "0:01:11"]

1. d4 g6 2. c4 f5 3. Nc3 Nf6 4. h4 d6 5. h5 Nxh5 6. Rxh5 gxh5 7. e4 Be6 8. Be2
Bg7 9. Bxh5+ Kd7 10. d5 Bg8 11. exf5 Kc8 12. Qg4 Bf6 13. Bh6 Nd7 14. f4 b5 15.
Nge2 bxc4 16. Bg7 Rb8 17. Bxh8 Bxh8 18. f6 Bxf6 19. Rd1 Rxb2 20. Ne4 Kb7 21.
Qf5 Nc5 22. Nxc5+ dxc5 23. Bf3 Kb8 24. Qe4 Qd6 25. Qxc4 Qb6 26. Qd3 c4 27. Qxc4
Qb4+ 28. Qxb4+ Rxb4 29. Kf2 a5 30. Rd3 Bf7 31. g4 h6 32. Ke3 Ra4 33. a3 Kc8 34.
Rb3 Kd7 35. Be4 Kd6 36. f5 Rxe4+ 0-1

[Event "Senior DM 2017 - 50+"]
[Site "Logumkloster"]
[Date "2017.02.18"]
[Round "7"]
[White "Larsen, Peter"]
[Black "Christiansen, Arne"]
[Result "1-0"]
[WhiteElo "2282"]
[BlackElo "2061"]
[PlyCount "57"]
[EventDate "2017.02.??"]
[EventType "swiss"]
[EventRounds "7"]
[EventCountry "DEN"]
[WhiteClock "0:19:15"]
[BlackClock "0:30:35"]

1. e4 e5 2. Bc4 Nf6 3. d3 Nc6 4. Nc3 d6 5. a3 Be7 6. f4 exf4 7. Bxf4 O-O 8. Qd2
Be6 9. Bd5 Bxd5 10. exd5 Ne5 11. h3 Nh5 12. Bxe5 dxe5 13. Nf3 Bh4+ 14. Nxh4
Qxh4+ 15. Qf2 Qxf2+ 16. Kxf2 Rad8 17. Rhe1 Rfe8 18. d4 f6 19. Nb5 a6 20. Nxc7
Re7 21. Ne6 Rxd5 22. c4 Rdd7 23. d5 g6 24. Rad1 b6 25. b4 Ng7 26. Nc7 Rxc7 27.
d6 Rxc4 28. dxe7 Rc7 29. Rd6 1-0